| 000 | 02417nam a22004335i 4500 | ||
|---|---|---|---|
| 001 | 23887663 | ||
| 003 | BJBSDDR | ||
| 005 | 20250929133239.0 | ||
| 006 | a|||||r|||| 00| 0 | ||
| 007 | ta | ||
| 008 | 241008s2025 nyu r 000 0 eng | ||
| 010 | _a 2024948087 | ||
| 020 | _a9781324105084 (paperback) | ||
| 020 | _a1324105089 (paperback) | ||
| 020 |
_z9781324050247 _q(epub) |
||
| 035 | _a23887663 | ||
| 040 |
_aDLC _beng _erda _cDLC |
||
| 041 | _aeng | ||
| 042 | _apcc | ||
| 050 | 1 | 4 |
_aQ 335 _bR949h 2025 |
| 100 | 1 |
_aRus, Daniela L., _d1963- _942101 |
|
| 245 | 1 | 4 |
_aThe heart and the chip : _bour bright future with robots / _cDaniela Rus, Gregory Mone. |
| 264 | 1 |
_aNew York, NY : _bW.W. Norton & Company, Inc., _c2025. |
|
| 300 |
_aviii, 260 pages ; _c21 cm |
||
| 336 |
_atext _btxt _2rdacontent |
||
| 337 |
_aunmediated _bn _2rdamedia |
||
| 338 |
_avolume _bnc _2rdacarrier |
||
| 505 | 0 | _aDreams. Strength ; Reach ; Time ; Lift ; Magic ; Vision ; Precision Reality. How to build a robot ; The brain in motion ; The brain in touch ; How robots learn ; An informative technical interlude ; The technologist's to-do list Responsibility. Possible futures ; What could go wrong? ; The work of the future ; Computational education ; Grand challenges Epilogue : A dream of robots | |
| 520 |
_aSmart machines impact our lives in countless ways - improving the precision of surgeons, cleaning our homes, extending our reach to distant worlds - and we are on the cusp of even more exciting opportunities. In this book, a roboticist and a science writer team up to provide an overview of the interconnected fields of robotics, artificial intelligence, and machine learning, and reframe the way we think about intelligent machines. At once optimistic and realistic, the authors envision a world in which these technologies augment and enhance our skills and talents, both as individuals and as a species - a world in which the proliferation of robots allows us all to be more human. -- _cAdapted from back cover description |
||
| 650 | 4 |
_aInteligencia artificial _xAspectos sociales _911263 |
|
| 650 | 4 |
_aAutomatización _911937 |
|
| 650 | 4 |
_aComputadores y civilización _910189 |
|
| 650 | 4 |
_aRobótica _xAspectos sociales _935783 |
|
| 700 | 1 |
_aMone, Gregory _942102 |
|
| 906 |
_a0 _bibc _corignew _d2 _eepcn _f20 _gy-gencatlg |
||
| 942 |
_2lcc _cBK |
||
| 946 | _iLLH | ||
| 999 |
_c125296 _d125296 |
||